<?xml version="1.0" encoding="UTF-8"?>
<record
    xmlns:xsi="http://www.w3.org/2001/XMLSchema-instance"
    xsi:schemaLocation="http://www.loc.gov/MARC21/slim http://www.loc.gov/standards/marcxml/schema/MARC21slim.xsd"
    xmlns="http://www.loc.gov/MARC21/slim">

  <leader>00786nam a22002297a 4500</leader>
  <controlfield tag="003">DO-SdBNP</controlfield>
  <controlfield tag="005">20220211120330.0</controlfield>
  <controlfield tag="007">ta</controlfield>
  <controlfield tag="008">220211b1935       ||||e |||| 00| 0 spa d</controlfield>
  <datafield tag="040" ind1=" " ind2=" ">
    <subfield code="a">DO-SdBNP</subfield>
    <subfield code="b">spa</subfield>
    <subfield code="c">BNPHU</subfield>
  </datafield>
  <datafield tag="082" ind1=" " ind2=" ">
    <subfield code="2">22</subfield>
    <subfield code="a">923.27291 </subfield>
    <subfield code="b">R741i </subfield>
  </datafield>
  <datafield tag="100" ind1=" " ind2=" ">
    <subfield code="9">41278</subfield>
    <subfield code="a">Roig de Leuchsenring, Emilio,</subfield>
    <subfield code="d">1889-1964</subfield>
  </datafield>
  <datafield tag="245" ind1="1" ind2=" ">
    <subfield code="a">El internacionalismo antimperialista en la obra pol&#xED;tico revolucionaria de Jos&#xE9; Mart&#xED; /</subfield>
    <subfield code="c">Emilio Roig De Leuchsenring</subfield>
  </datafield>
  <datafield tag="260" ind1=" " ind2=" ">
    <subfield code="a">La Habana :</subfield>
    <subfield code="b">Molina y C&#xED;a.,</subfield>
    <subfield code="c">1935.</subfield>
  </datafield>
  <datafield tag="300" ind1=" " ind2=" ">
    <subfield code="a">(14 p.) : </subfield>
    <subfield code="c">24 cm</subfield>
  </datafield>
  <datafield tag="650" ind1="4" ind2=" ">
    <subfield code="a">Ideas pol&#xED;ticas </subfield>
    <subfield code="x">Mart&#xED;, Jos&#xE9;</subfield>
    <subfield code="z">Cuba</subfield>
    <subfield code="9">81224</subfield>
  </datafield>
  <datafield tag="650" ind1="4" ind2="0">
    <subfield code="a">Ideolog&#xED;a pol&#xED;tica</subfield>
    <subfield code="9">8964</subfield>
  </datafield>
  <datafield tag="650" ind1="4" ind2="0">
    <subfield code="a">Pensamiento pol&#xED;tico</subfield>
    <subfield code="9">34952</subfield>
    <subfield code="v">Jos&#xE9; Mart&#xED;</subfield>
  </datafield>
  <datafield tag="650" ind1="4" ind2="0">
    <subfield code="9">14779</subfield>
    <subfield code="a">H&#xE9;roes</subfield>
    <subfield code="z">Cuba</subfield>
  </datafield>
  <datafield tag="910" ind1=" " ind2=" ">
    <subfield code="a">Saquino</subfield>
  </datafield>
  <datafield tag="942" ind1=" " ind2=" ">
    <subfield code="2">ddc</subfield>
    <subfield code="c">LBS1</subfield>
  </datafield>
  <datafield tag="952" ind1=" " ind2=" ">
    <subfield code="0">0</subfield>
    <subfield code="1">0</subfield>
    <subfield code="2">ddc</subfield>
    <subfield code="5">3</subfield>
    <subfield code="7">0</subfield>
    <subfield code="8">GR</subfield>
    <subfield code="a">BNPHU</subfield>
    <subfield code="b">BNPHU</subfield>
    <subfield code="c">CT</subfield>
    <subfield code="d">2008-01-16</subfield>
    <subfield code="e">Donado</subfield>
    <subfield code="l">0</subfield>
    <subfield code="o">BNPHU  SG-RV  923.27291 R741i 1935</subfield>
    <subfield code="p">2022-0760</subfield>
    <subfield code="r">2022-02-11</subfield>
    <subfield code="w">2022-02-11</subfield>
    <subfield code="y">LBS1</subfield>
    <subfield code="z">S/A</subfield>
  </datafield>
  <datafield tag="999" ind1=" " ind2=" ">
    <subfield code="c">51418</subfield>
    <subfield code="d">51418</subfield>
  </datafield>
</record>
